000 00571nam a2200181Ia 4500
003 Ost
005 20260507075701.0
008 260507s9999||||xx |||||||||||||| ||und||
020 _a3361287977
040 _cfsecg
041 _aara
100 _aعناني، عمرو
_eمؤلف
245 0 _aاحتراف تصميم صفحات الويب Adobe photoshop 7 /
_c عمرو عناني
260 _aالقاهرة:
_bدار الكتب العلمية للنشر والتوزيع,
_c2004
300 _a197 صفحة؛
653 _aاعلام لآلي
942 _cكتاب
999 _c45828
_d45828